[Event "FIDE World Cup (w)"]
[Site "Khanty-Mansiysk RUS"]
[Date "2012.11.11"]
[Round "1.1"]
[White "Skripchenko, Almira"]
[Black "Socko, Monika"]
[Result "0-1"]
[WhiteElo "2441"]
[BlackElo "2445"]
[EventDate "2012.11.11"]
[PlyCount "114"]

1.e4 e6 2.d4 d5 3.Nc3 Nf6 4.e5 Nfd7 5.f4 c5 6.Nf3 Nc6 7.Be3 Be7 8.Qd2 O-O 
9.dxc5 Nxc5 10.O-O-O Qc7 11.Kb1 a6 12.Qf2 b6 13.Nd4 Rd8 14.Bd3 Nxd4 15.
Bxd4 b5 16.h4 b4 17.Ne2 Bd7 18.Ng3 Rdc8 19.f5 Nxd3 20.cxd3 exf5 21.Nxf5 
Bxf5 22.Qxf5 Qc2+ 23.Ka1 Rc6 24.Rhf1 Rf8 25.h5 b3 26.h6 Rxh6 27.Qd7 Re6 
28.Qxd5 bxa2 29.Bc3 Bg5 30.d4 h6 31.Qf3 Rb6 32.Rf2 Qa4 33.Rdf1 Be7 34.Qd5 
Qe8 35.Qc4 Rc6 36.Qb3 Rg6 37.d5 Bc5 38.Re2 Rg4 39.Kxa2 a5 40.Rfe1 a4 41.
Qb7 a3 42.b4 Bd4 43.Rc1 Qd8 44.d6 Qg5 45.Rcc2 Qf5 46.Qd5 Bxc3 47.Rxc3 Rxb4
48.Rec2 Qf1 49.Rb3 Rxb3 50.Qxb3 Qf5 51.Re2 Qg4 52.Rd2 Qf5 53.d7 Rd8 54.Qb5
Qe6+ 55.Kxa3 Qg4 56.Qc6 Qg3+ 57.Ka4 Qf4+ 0-1

[Event "FIDE World Cup (w)"]
[Site "Khanty-Mansiysk RUS"]
[Date "2012.11.11"]
[Round "1.1"]
[White "Dembo, Yelena"]
[Black "Khurtsidze, Nino"]
[Result "1/2-1/2"]
[WhiteElo "2454"]
[BlackElo "2428"]
[EventDate "2012.11.11"]
[PlyCount "83"]

1.e4 c5 2.Nf3 e6 3.d3 Nc6 4.g3 d6 5.Bg2 Nf6 6.O-O Be7 7.Re1 Bd7 8.c3 Rc8 
9.a3 b5 10.d4 cxd4 11.cxd4 d5 12.exd5 Nxd5 13.Nbd2 O-O 14.Ne4 Qb6 15.Bg5 
Bxg5 16.Nexg5 Nf6 17.Qd3 Rcd8 18.Ne4 Nxe4 19.Qxe4 h6 20.Rac1 Ne7 21.Ne5 
Bc8 22.Red1 Rd6 23.Qf4 Bb7 24.Bxb7 Qxb7 25.Rc5 Qb6 26.Rdc1 a6 27.b4 Qd8 
28.Rd1 f6 29.Nf3 Qd7 30.Rdc1 Nc6 31.Kg2 Nxd4 32.Rc7 Qd8 33.Rc8 Qb6 34.
Rxf8+ Kxf8 35.Rc8+ Ke7 36.Qg4 g5 37.Qe4 Rd7 38.Qh7+ Kd6 39.Qd3 Ke7 40.Qh7+
Kd6 41.Qd3 Ke7 42.Qh7+ 1/2-1/2

[Event "FIDE World Cup (w)"]
[Site "Khanty-Mansiysk RUS"]
[Date "2012.11.12"]
[Round "1.2"]
[White "Khurtsidze, Nino"]
[Black "Dembo, Yelena"]
[Result "1-0"]
[WhiteElo "2428"]
[BlackElo "2454"]
[EventDate "2012.11.11"]
[PlyCount "89"]

1.d4 Nf6 2.c4 g6 3.Nf3 Bg7 4.g3 O-O 5.Bg2 d6 6.O-O Nc6 7.Nc3 Bf5 8.b3 Ne4 
9.Nd5 Bd7 10.Bb2 e6 11.Nf4 f5 12.e3 Qe8 13.Nd3 g5 14.Nd2 Qg6 15.b4 Rae8 
16.b5 Nd8 17.f3 Nxd2 18.Qxd2 b6 19.a4 h5 20.c5 h4 21.cxd6 cxd6 22.Rac1 
hxg3 23.hxg3 Rf7 24.Rc7 Bf8 25.Rxa7 Rh7 26.Ra6 Ree7 27.Rxb6 f4 28.gxf4 
gxf4 29.Nxf4 Qg3 30.Qe1 Qh2+ 31.Kf2 Reg7 32.Rg1 Nf7 33.Rb7 Ng5 34.Rxd7 
Qg3+ 35.Ke2 Qxe1+ 36.Rxe1 Rxd7 37.b6 Rb7 38.a5 Rb8 39.Rc1 Ra8 40.Bc3 e5 
41.Nd5 Rh2 42.Kf1 Bg7 43.b7 Rf8 44.Kg1 Rh4 45.Be1 1-0

[Event "FIDE World Cup (w)"]
[Site "Khanty-Mansiysk RUS"]
[Date "2012.11.11"]
[Round "1.1"]
[White "Zhukova, Natalia"]
[Black "Guo Qi"]
[Result "1/2-1/2"]
[WhiteElo "2451"]
[BlackElo "2432"]
[EventDate "2012.11.11"]
[PlyCount "70"]

1.d4 d5 2.c4 e6 3.Nc3 Be7 4.Nf3 Nf6 5.Bg5 h6 6.Bh4 O-O 7.e3 Ne4 8.Bxe7 
Qxe7 9.Rc1 c6 10.Bd3 Nxc3 11.Rxc3 dxc4 12.Bxc4 Nd7 13.Qc2 b6 14.Bd3 c5 15.
Bh7+ Kh8 16.Be4 Rb8 17.O-O a5 18.Rd1 Bb7 19.Bxb7 Rxb7 20.a3 Rc7 21.b4 axb4
22.axb4 Rfc8 23.Rc1 e5 24.bxc5 bxc5 25.Qe4 Re8 26.h3 Qd6 27.dxc5 Rxc5 28.
Rxc5 Nxc5 29.Qb4 Rc8 30.Nd2 Rb8 31.Nc4 Qc7 32.Qa3 Ne6 33.Nd2 Qd7 34.Ne4 
Qd5 35.Qd6 Qxd6 1/2-1/2

[Event "FIDE World Cup (w)"]
[Site "Khanty-Mansiysk RUS"]
[Date "2012.11.12"]
[Round "1.2"]
[White "Guo Qi"]
[Black "Zhukova, Natalia"]
[Result "0-1"]
[WhiteElo "2432"]
[BlackElo "2451"]
[EventDate "2012.11.11"]
[PlyCount "84"]

1.d4 Nf6 2.c4 e6 3.Nf3 Bb4+ 4.Bd2 a5 5.g3 d6 6.Bg2 Nbd7 7.O-O e5 8.e3 c6 
9.a3 Bxd2 10.Nfxd2 O-O 11.Nc3 Qe7 12.b4 Rd8 13.d5 c5 14.Qb3 axb4 15.axb4 
Rxa1 16.Rxa1 cxb4 17.Qxb4 Nc5 18.Qb6 Nfd7 19.Qc7 Na6 20.Rxa6 bxa6 21.c5 
dxc5 22.d6 Qf8 23.Nd5 Nf6 24.Ne7+ Kh8 25.Nc4 e4 26.Ne5 Be6 27.Bh3 Bb3 28.
N5c6 Ra8 29.d7 Nxd7 30.Bxd7 a5 31.Bc8 a4 32.Qb7 Rxc8 33.Nxc8 Be6 34.Nd6 a3
35.Ne5 a2 36.Qa7 Bd5 37.Kg2 Qa8 38.Qe7 a1=Q 39.Ne8 Kg8 40.Nd7 h6 41.Qf8+ 
Kh7 42.Ndf6+ Qxf6 0-1

[Event "FIDE World Cup (w)"]
[Site "Khanty-Mansiysk RUS"]
[Date "2012.11.12"]
[Round "1.2"]
[White "Ushenina, Anna"]
[Black "Cori Tello, Deysi"]
[Result "1-0"]
[WhiteElo "2452"]
[BlackElo "2429"]
[EventDate "2012.11.11"]
[PlyCount "65"]

1.d4 Nf6 2.c4 e6 3.Nc3 Bb4 4.e3 O-O 5.Bd3 Qe7 6.Ne2 e5 7.dxe5 Qxe5 8.a3 
Bxc3+ 9.Nxc3 d6 10.f3 Nbd7 11.O-O Nc5 12.Bc2 a5 13.Rb1 Bd7 14.e4 Be6 15.f4
Qh5 16.Qd4 Bd7 17.f5 Rfe8 18.Bf4 Bc6 19.Rbe1 Re7 20.b4 axb4 21.axb4 Ba4 
22.Ra1 Rae8 23.Bxa4 Nxa4 24.Rxa4 c5 25.Qxd6 Rd7 26.Qxc5 Rd3 27.Nd5 Nxe4 
28.Qb5 f6 29.Raa1 Rf8 30.Rae1 Ng5 31.Bxg5 fxg5 32.f6 Qg4 33.Ne7+ 1-0

[Event "FIDE World Cup (w)"]
[Site "Khanty-Mansiysk RUS"]
[Date "2012.11.12"]
[Round "1.2"]
[White "Huang Qian"]
[Black "Shen Yang"]
[Result "1/2-1/2"]
[WhiteElo "2465"]
[BlackElo "2413"]
[EventDate "2012.11.11"]
[PlyCount "43"]

1.d4 e6 2.c4 b6 3.Nc3 Bb4 4.Nf3 Bb7 5.g3 f5 6.Bg2 Nf6 7.O-O O-O 8.Qb3 a5 
9.a3 Be7 10.Rd1 Kh8 11.Qc2 Qc8 12.b3 d6 13.d5 exd5 14.cxd5 Na6 15.Nd4 g6 
16.Bb2 Kg8 17.Ne6 Rf7 18.Ng5 Rf8 19.Ne6 Rf7 20.Ng5 Rf8 21.Ne6 Rf7 22.Ng5 
1/2-1/2

[Event "FIDE World Cup (w)"]
[Site "Khanty-Mansiysk RUS"]
[Date "2012.11.11"]
[Round "1.1"]
[White "Girya, Olga"]
[Black "Rajlich, Iweta"]
[Result "1/2-1/2"]
[WhiteElo "2467"]
[BlackElo "2410"]
[EventDate "2012.11.11"]
[PlyCount "126"]

1.d4 d5 2.Nf3 Nc6 3.Bf4 Bg4 4.e3 e6 5.Be2 Bd6 6.Bxd6 Qxd6 7.O-O Nf6 8.c4 
O-O 9.c5 Qd7 10.Nbd2 a6 11.Qb3 Bxf3 12.Nxf3 Ne4 13.Rfd1 b5 14.cxb6 cxb6 
15.Bd3 f5 16.Rdc1 b5 17.a4 b4 18.Qd1 Qd6 19.a5 h6 20.Qe2 Ra7 21.g3 Ng5 22.
Ne5 Nxe5 23.dxe5 Qb8 24.f4 Ne4 25.Bxe4 dxe4 26.Rc6 Rd8 27.Qc4 Qb5 28.Qxb5 
axb5 29.Rxe6 Rd2 30.a6 Rxb2 31.Rb6 b3 32.Rxb5 Kh7 33.Rb7 Ra2 34.Rf1 R7xa6 
35.Rxb3 Kg6 36.Rf2 Rxf2 37.Kxf2 Ra2+ 38.Kg1 Ra1+ 39.Kg2 Ra2+ 40.Kh3 Rf2 
41.g4 fxg4+ 42.Kxg4 Rg2+ 43.Kh3 Re2 44.Kg3 Kf5 45.h4 g5 46.fxg5 hxg5 47.
hxg5 Kxg5 48.e6 Kf6 49.Kf4 Kxe6 50.Kxe4 Ra2 51.Rb6+ Ke7 52.Kf4 Ra4+ 53.e4 
Ra5 54.Rc6 Rb5 55.Ke3 Ra5 56.Kd4 Ra4+ 57.Ke5 Ra5+ 58.Kf4 Rb5 59.Rc7+ Ke6 
60.Ra7 Rb6 61.Rg7 Rb5 62.Rg6+ Ke7 63.e5 Rb1 1/2-1/2

[Event "FIDE World Cup (w)"]
[Site "Khanty-Mansiysk RUS"]
[Date "2012.11.12"]
[Round "1.2"]
[White "Rajlich, Iweta"]
[Black "Girya, Olga"]
[Result "0-1"]
[WhiteElo "2410"]
[BlackElo "2467"]
[EventDate "2012.11.11"]
[PlyCount "152"]

1.c4 e5 2.g3 Nf6 3.Bg2 d5 4.cxd5 Nxd5 5.Nc3 Nb6 6.a3 Be7 7.d3 O-O 8.Be3 
Re8 9.Rc1 Bf8 10.Qc2 h6 11.Nb5 Nc6 12.Bxb6 axb6 13.Nf3 Ra5 14.Nc3 Nd4 15.
Nxd4 exd4 16.Ne4 c6 17.Bf3 Bh3 18.g4 f5 19.gxf5 Rxf5 20.Rg1 Rf4 21.Qa4 Be6
22.Qa7 Re7 23.Rg3 Bd5 24.Qa4 Bf7 25.Kf1 Re5 26.Kg1 Rb5 27.b4 Bd5 28.Qa7 
Bxe4 29.Bxe4 Rf7 30.Bg6 Rf6 31.Be4 Qc7 32.Qa8 Re5 33.Rf1 Qd7 34.Qa4 Bd6 
35.b5 Rxb5 36.Qxd4 Qe7 37.Qc4+ Kh8 38.Rg2 Bxa3 39.e3 Bd6 40.Kh1 Rf8 41.f4 
Be5 42.Qc1 Bf6 43.Qd1 Rb4 44.Qf3 c5 45.Ra2 c4 46.d4 Rb3 47.Re1 g5 48.Bc2 
Rc3 49.Qh5 Bg7 50.Qg6 Rxc2 51.Qxc2 gxf4 52.e4 Bxd4 53.Qxc4 Be5 54.Rg2 f3 
55.Rg4 h5 56.Rg3 Bxg3 57.hxg3 Qe5 58.Qd5 Qxd5 59.exd5 f2 60.Rf1 Kg7 61.Kg2
Rf5 62.g4 hxg4 63.Kg3 Kf6 64.Kxg4 Ke5 65.d6 Rf7 66.d7 Rxd7 67.Rxf2 Rg7+ 
68.Kh5 Kd4 69.Rf4+ Kc5 70.Rf5+ Kb4 71.Rf4+ Ka5 72.Kh6 Rg1 73.Rf7 Ka6 74.
Rf6 Ka5 75.Rf7 b5 76.Rxb7 b4 0-1

[Event "FIDE World Cup (w)"]
[Site "Khanty-Mansiysk RUS"]
[Date "2012.11.12"]
[Round "1.2"]
[White "Galliamova, Alisa"]
[Black "Kovalevskaya, Ekaterina"]
[Result "1/2-1/2"]
[WhiteElo "2468"]
[BlackElo "2409"]
[EventDate "2012.11.11"]
[PlyCount "90"]

1.d4 Nf6 2.c4 c5 3.d5 b5 4.cxb5 a6 5.bxa6 g6 6.Nc3 Bxa6 7.e4 Bxf1 8.Kxf1 
d6 9.g3 Bg7 10.Kg2 Nbd7 11.Nf3 O-O 12.Qe2 Qa5 13.Bd2 Rfb8 14.b3 Ne8 15.Na4
Qa6 16.Qxa6 Rxa6 17.Rac1 Nc7 18.Bc3 Nb5 19.Bxg7 Kxg7 20.Rhd1 f6 21.Nd2 Nb6
22.Nxb6 Rbxb6 23.Nc4 Rb7 24.Rd2 Nd4 25.Rb1 Nb5 26.Rbb2 Na3 27.Nxa3 Rxa3 
28.f4 Kf7 29.Rbc2 Ra5 30.Re2 e5 31.dxe6+ Kxe6 32.g4 Rb4 33.h4 Rab5 34.Kf3 
Rd4 35.Rcd2 Rbb4 36.Rxd4 Rxd4 37.h5 g5 38.Ke3 Rd1 39.fxg5 fxg5 40.Rf2 Rg1 
41.Kf3 h6 42.Rd2 Rf1+ 43.Rf2 Rg1 44.Rd2 Rf1+ 45.Rf2 Rg1 1/2-1/2

[Event "FIDE World Cup (w)"]
[Site "Khanty-Mansiysk RUS"]
[Date "2012.11.13"]
[Round "1.3"]
[White "Galliamova, Alisa"]
[Black "Kovalevskaya, Ekaterina"]
[Result "1-0"]
[WhiteElo "2468"]
[BlackElo "2409"]
[EventDate "2012.11.11"]
[PlyCount "87"]

1.d4 d5 2.c4 e6 3.Nc3 c5 4.cxd5 exd5 5.Nf3 Nc6 6.g3 Nf6 7.Bg2 Be7 8.O-O 
O-O 9.dxc5 d4 10.Na4 Bf5 11.Bf4 Be4 12.Rc1 h6 13.a3 g5 14.Bd2 Qd5 15.b4 
Ne5 16.h4 Nh7 17.c6 b6 18.Bc3 Nxc6 19.Bxd4 Nxd4 20.Qxd4 Qxd4 21.Nxd4 Bxg2 
22.Kxg2 f5 23.hxg5 hxg5 24.Rc7 Bd6 25.Rd7 Be5 26.Nc6 Nf6 27.Rb7 Bd6 28.Rd1
Ne8 29.Rxa7 Rxa7 30.Nxa7 Bc7 31.Nb5 f4 32.Nxc7 Nxc7 33.Nxb6 fxg3 34.Kxg3 
Nb5 35.Rd3 Rb8 36.Nc4 Nc7 37.Kg4 Ne6 38.e3 Rc8 39.Ne5 Rc2 40.f3 Kh7 41.Kf5
Ng7+ 42.Kxg5 Rg2+ 43.Ng4 Ne6+ 44.Kf6 1-0

[Event "FIDE World Cup (w)"]
[Site "Khanty-Mansiysk RUS"]
[Date "2012.11.11"]
[Round "1.1"]
[White "Mkrtchian, Lilit"]
[Black "Arakhamia-Grant, Ketevan"]
[Result "1-0"]
[WhiteElo "2457"]
[BlackElo "2414"]
[EventDate "2012.11.11"]
[PlyCount "133"]

1.d4 Nf6 2.c4 c5 3.d5 b5 4.cxb5 a6 5.bxa6 g6 6.Nc3 Bxa6 7.Nf3 Bg7 8.e4 
Bxf1 9.Kxf1 d6 10.g3 O-O 11.Kg2 Nbd7 12.Re1 Qa5 13.Bg5 h6 14.Bd2 Rfb8 15.
Qc2 Ng4 16.Nd1 Qa4 17.Qxa4 Rxa4 18.Bc3 Bxc3 19.Nxc3 Rab4 20.b3 Nde5 21.Nd2
Rd4 22.Re2 f5 23.f4 Nd7 24.exf5 gxf5 25.Nc4 Rd3 26.Rc1 Kf8 27.Rd2 Rxd2+ 
28.Nxd2 Nb6 29.Nf1 Kf7 30.h3 Nf6 31.Ne3 h5 32.Kf3 Kg6 33.Rd1 Na8 34.Ng2 
Nd7 35.Re1 Kf6 36.Ne3 Nc7 37.Nc4 Rb4 38.Rd1 Kf7 39.Ne3 Kg6 40.Nc2 Rb8 41.
Re1 Kf6 42.Rb1 Nb6 43.Ne3 e6 44.Rd1 exd5 45.Nexd5+ Nbxd5 46.Nxd5+ Nxd5 47.
Rxd5 Ke6 48.Rd2 Rb4 49.Re2+ Kf6 50.Rd2 Ke6 51.g4 hxg4+ 52.hxg4 fxg4+ 53.
Kxg4 d5 54.Kg5 d4 55.Kg6 d3 56.f5+ Ke5 57.Rxd3 Rg4+ 58.Kf7 Rf4 59.Ke7 Rxf5
60.Kd7 Ke4 61.Rc3 Kd4 62.Rc4+ Kd5 63.Kc7 Rf6 64.Kb7 Rf2 65.Kb6 Rf6+ 66.Kb5
Rc6 67.b4 1-0

[Event "FIDE World Cup (w)"]
[Site "Khanty-Mansiysk RUS"]
[Date "2012.11.12"]
[Round "1.2"]
[White "Arakhamia-Grant, Ketevan"]
[Black "Mkrtchian, Lilit"]
[Result "0-1"]
[WhiteElo "2414"]
[BlackElo "2457"]
[EventDate "2012.11.11"]
[PlyCount "130"]

1.e4 e6 2.d4 d5 3.Nc3 Bb4 4.e5 c5 5.a3 Bxc3+ 6.bxc3 Qc7 7.Nf3 Ne7 8.h4 h6 
9.h5 b6 10.Bb5+ Bd7 11.Bd3 Ba4 12.Bd2 c4 13.Be2 Nbc6 14.O-O O-O-O 15.Qc1 
Rdf8 16.Bf4 g5 17.Bh2 Qd7 18.Ne1 Rhg8 19.g4 f5 20.exf6 Rxf6 21.Nf3 Rf7 22.
Ra2 Kb7 23.Qe3 Re8 24.Bg3 Ng8 25.Ne5 Nxe5 26.Qxe5 Nf6 27.f3 Qc6 28.Qd6 
Qxd6 29.Bxd6 Kc6 30.Bg3 Ref8 31.Re1 Kd7 32.Bd1 Ng8 33.Kg2 Rf4 34.Bxf4 Rxf4
35.Rb2 Ne7 36.Rb4 b5 37.Rb1 Nc6 38.Re3 Kd6 39.Be2 Nd8 40.Bf1 Kd7 41.Kf2 
Nc6 42.Ke1 Kd6 43.Kd2 Kd7 44.Rbe1 Nd8 45.Be2 Kd6 46.Bd1 Ke7 47.Re5 Kf6 48.
Rxd5 exd5 49.Re5 Ne6 50.Rxd5 Ke7 51.Ke3 Rf6 52.Ke4 Nf4 53.Re5+ Re6 54.Kf5 
Kf7 55.Rxe6 Nxe6 56.d5 Nf4 57.d6 Nd5 58.f4 Nxf4 59.Ke5 Ng2 60.Bf3 Ne3 61.
d7 Ke7 62.d8=Q+ Kxd8 63.Kf6 Bxc2 64.Kg7 Ke7 65.Kxh6 Kf6 0-1

[Event "FIDE World Cup (w)"]
[Site "Khanty-Mansiysk RUS"]
[Date "2012.11.11"]
[Round "1.1"]
[White "Bodnaruk, Anastasia"]
[Black "Javakhishvili, Lela"]
[Result "1-0"]
[WhiteElo "2415"]
[BlackElo "2455"]
[EventDate "2012.11.11"]
[PlyCount "61"]

1.e4 c5 2.Nf3 e6 3.d4 cxd4 4.Nxd4 a6 5.Bd3 Bc5 6.Nb3 Be7 7.Qg4 Bf6 8.Qg3 
Nc6 9.Nc3 Nge7 10.Bf4 Ng6 11.Bd6 Bh4 12.Qe3 Qg5 13.Qh3 Nf4 14.Bxf4 Qxf4 
15.g3 Qf3 16.Qxh4 Qxh1+ 17.Ke2 Nd4+ 18.Nxd4 Qxa1 19.e5 d5 20.exd6 f6 21.
Bxh7 Kf8 22.Ne4 e5 23.Nxf6 Rxh7 24.Nxh7+ Kg8 25.Ng5 Qxa2 26.Qh7+ Kf8 27.b3
Bg4+ 28.f3 Ke8 29.Qg8+ Kd7 30.Qf7+ Kxd6 31.Ne4# 1-0

[Event "FIDE World Cup (w)"]
[Site "Khanty-Mansiysk RUS"]
[Date "2012.11.12"]
[Round "1.2"]
[White "Javakhishvili, Lela"]
[Black "Bodnaruk, Anastasia"]
[Result "1-0"]
[WhiteElo "2455"]
[BlackElo "2415"]
[EventDate "2012.11.11"]
[PlyCount "141"]

1.d4 Nf6 2.c4 e6 3.Nf3 b6 4.a3 Bb7 5.Nc3 Ne4 6.Nxe4 Bxe4 7.Nd2 Bb7 8.e4 d6
9.Bd3 Nd7 10.O-O Be7 11.Nf3 O-O 12.Rb1 c5 13.d5 Bf6 14.Bf4 Ne5 15.Nxe5 
dxe5 16.Bd2 Re8 17.Qf3 Bg5 18.Bc3 exd5 19.exd5 g6 20.Rfe1 Qd6 21.Qg4 Bf6 
22.Qg3 Bg7 23.b4 Ba6 24.Re2 Re7 25.a4 f5 26.f3 Rae8 27.a5 bxa5 28.b5 Bb7 
29.Bxa5 Qd7 30.Qh4 h5 31.Bd2 Qd6 32.Bg5 Rf7 33.Bc2 a6 34.b6 a5 35.Qe1 Ra8 
36.Ba4 Ra6 37.Bc6 Bxc6 38.dxc6 Qxc6 39.Bd8 Rb7 40.Qd1 Ra8 41.Bc7 Re8 42.
Qd5+ Qxd5 43.cxd5 Kf7 44.Rb5 e4 45.Rxa5 c4 46.Kf1 Bd4 47.Rb5 exf3 48.gxf3 
Rxe2 49.Kxe2 Ke7 50.Kd2 Kd7 51.h3 Ke7 52.d6+ Kd7 53.Kc2 Bf6 54.Rc5 Bd4 55.
Rb5 Bf6 56.f4 Bd4 57.Kd2 Bf6 58.Ke3 Bc3 59.Rb1 Bg7 60.Rd1 Bc3 61.Rd5 Bb4 
62.Kd4 c3 63.Kd3 h4 64.Kc2 Ba3 65.Kxc3 Bc1 66.Kc4 Bxf4 67.Kb5 Be3 68.Ka6 
Kc6 69.d7 Bxb6 70.Rd6+ Kc5 71.Kxb7 1-0

[Event "FIDE World Cup (w)"]
[Site "Khanty-Mansiysk RUS"]
[Date "2012.11.13"]
[Round "1.3"]
[White "Bodnaruk, Anastasia"]
[Black "Javakhishvili, Lela"]
[Result "1/2-1/2"]
[WhiteElo "2415"]
[BlackElo "2455"]
[EventDate "2012.11.11"]
[PlyCount "93"]

1.e4 c5 2.Nf3 e6 3.d4 cxd4 4.Nxd4 a6 5.Bd3 Nf6 6.O-O d6 7.c4 g6 8.Nc3 Bg7 
9.Be2 O-O 10.Nb3 b6 11.Bf4 Ne8 12.e5 Nc6 13.Bf3 Bb7 14.exd6 e5 15.Be3 Nxd6
16.Bxb6 Qxb6 17.Qxd6 Rfd8 18.Qc5 Qa7 19.Qxa7 Rxa7 20.Nc5 Ba8 21.Rfd1 Nd4 
22.Bd5 Bxd5 23.cxd5 Rc8 24.Nd3 f5 25.Kf1 Rb7 26.Na4 Rb5 27.Nc3 Rb7 28.Rab1
Rc4 29.f4 exf4 30.Ne2 Nc2 31.Kf2 Ne3 32.Rdc1 Rxc1 33.Rxc1 Nxd5 34.Rc8+ Kf7
35.b3 g5 36.h4 h6 37.Rd8 Ne3 38.hxg5 hxg5 39.Nc5 Ng4+ 40.Kf3 Ne5+ 41.Kf2 
Ng4+ 42.Kf3 Ne5+ 43.Kf2 Ng4+ 44.Kf1 Ne3+ 45.Kf2 Ng4+ 46.Kf1 Ne3+ 47.Kf2 
1/2-1/2

[Event "FIDE World Cup (w)"]
[Site "Khanty-Mansiysk RUS"]
[Date "2012.11.13"]
[Round "1.4"]
[White "Javakhishvili, Lela"]
[Black "Bodnaruk, Anastasia"]
[Result "1/2-1/2"]
[WhiteElo "2455"]
[BlackElo "2415"]
[EventDate "2012.11.11"]
[PlyCount "170"]

1.d4 Nf6 2.c4 e6 3.Nf3 b6 4.a3 Bb7 5.Nc3 Ne4 6.Nxe4 Bxe4 7.Nd2 Bb7 8.e4 d6
9.Bd3 Be7 10.O-O Nd7 11.Nf3 O-O 12.Rb1 c5 13.d5 Bf6 14.Bf4 e5 15.Be3 g6 
16.b4 Bg7 17.Qb3 Bc8 18.Bc2 h6 19.Qa4 Bb7 20.bxc5 Nxc5 21.Bxc5 dxc5 22.Ne1
Qd6 23.Nd3 f5 24.Qb5 Rac8 25.Rfe1 f4 26.Bd1 h5 27.a4 Rf6 28.a5 Rc7 29.axb6
axb6 30.Qe8+ Rf8 31.Qb5 Rf6 32.Qe8+ Rf8 33.Qa4 Bc8 34.Re2 Bd7 35.Qa6 Rb8 
36.Reb2 Bc8 37.Qa3 Bf6 38.Ba4 Ra7 39.Qb3 Bd8 40.Bc6 Rf7 41.Qc3 Bc7 42.Ne1 
Rg7 43.Nc2 g5 44.Na3 Ba6 45.Qh3 Qg6 46.d6 Qxd6 47.Bd5+ Kh7 48.Qxh5+ Qh6 
49.Qxh6+ Kxh6 50.Ra1 Bd6 51.Nb1 Bc8 52.Nc3 g4 53.Nb5 Bf8 54.Na7 Bd7 55.Bc6
Be6 56.Bb5 Ra8 57.Rba2 Rc7 58.h3 gxh3 59.gxh3 Bxh3 60.Nc6 Rxa2 61.Rxa2 Rd7
62.Kh2 Be6 63.Nxe5 Rd1 64.Ra6 Rd6 65.Kg2 Bg7 66.Nc6 Bxc4 67.Bxc4 Rxc6 68.
Kf3 Kg5 69.Ra8 Be5 70.Rg8+ Kf6 71.Rf8+ Ke7 72.Rf5 Kd6 73.Rh5 b5 74.Bxb5 
Rb6 75.Rh6+ Kc7 76.Rh7+ Kd6 77.Bc4 Rb2 78.Rh6+ Kc7 79.Re6 Bd4 80.Kxf4 
Rxf2+ 81.Kg4 Kd7 82.Rh6 Be5 83.Bd5 Rf8 84.Be6+ Kc7 85.Bd5 Kd7 1/2-1/2

[Event "FIDE World Cup (w)"]
[Site "Khanty-Mansiysk RUS"]
[Date "2012.11.13"]
[Round "1.5"]
[White "Javakhishvili, Lela"]
[Black "Bodnaruk, Anastasia"]
[Result "1/2-1/2"]
[WhiteElo "2455"]
[BlackElo "2415"]
[EventDate "2012.11.11"]
[PlyCount "154"]

1.d4 Nf6 2.c4 g6 3.g3 Bg7 4.Bg2 O-O 5.Nc3 d6 6.Nf3 Nc6 7.O-O a6 8.Bf4 h6 
9.h3 g5 10.Bd2 g4 11.hxg4 Nxg4 12.d5 Nce5 13.Nxe5 Nxe5 14.b3 c5 15.dxc6 
bxc6 16.Qc1 Kh7 17.Qc2+ f5 18.Rad1 Qe8 19.Bf4 Ng6 20.Be3 Ne5 21.Bd4 Ng4 
22.Bxg7 Qh5 23.Rfe1 Kxg7 24.e3 Bd7 25.Ne2 Rf6 26.Nd4 e5 27.Nf3 Raf8 28.Qc3
Kg8 29.c5 f4 30.exf4 exf4 31.Re7 fxg3 32.fxg3 Ne5 33.Rxe5 dxe5 34.Rxd7 
Rxf3 35.Bxf3 Rxf3 36.Qc4+ Kf8 37.Rd8+ Ke7 38.Rg8 Qf7 39.Qh4+ Qf6 40.Qxf6+ 
Rxf6 41.Ra8 Rf3 42.Rxa6 Rxg3+ 43.Kf2 Rg6 44.b4 h5 45.b5 Rf6+ 46.Ke3 cxb5 
47.c6 Rf1 48.Rb6 Kd6 49.Rxb5 Rc1 50.Rb2 Kxc6 51.Rh2 Kd5 52.Rxh5 Rc3+ 53.
Kd2 Ra3 54.Rh4 Rxa2+ 55.Ke3 Ra3+ 56.Ke2 Rg3 57.Ra4 Rh3 58.Rb4 Kc5 59.Re4 
Kd5 60.Ra4 Rb3 61.Ra5+ Ke4 62.Ra4+ Kf5 63.Rc4 Rh3 64.Ra4 Rg3 65.Rb4 Rg4 
66.Rxg4 Kxg4 67.Ke3 Kf5 68.Kf3 e4+ 69.Ke3 Ke5 70.Ke2 Kd4 71.Kd2 e3+ 72.Ke2
Ke4 73.Ke1 Kf4 74.Ke2 Ke4 75.Ke1 Kd3 76.Kd1 e2+ 77.Ke1 Ke3 1/2-1/2

[Event "FIDE World Cup (w)"]
[Site "Khanty-Mansiysk RUS"]
[Date "2012.11.13"]
[Round "1.6"]
[White "Bodnaruk, Anastasia"]
[Black "Javakhishvili, Lela"]
[Result "0-1"]
[WhiteElo "2415"]
[BlackElo "2455"]
[EventDate "2012.11.11"]
[PlyCount "140"]

1.e4 c5 2.Nf3 e6 3.d4 cxd4 4.Nxd4 a6 5.Bd3 Nf6 6.O-O d6 7.c4 b6 8.Nc3 Bb7 
9.Re1 Nbd7 10.b3 Be7 11.Bb2 O-O 12.Qd2 Re8 13.f4 Bf8 14.Nf3 Nc5 15.Bc2 Rc8
16.Rad1 e5 17.f5 b5 18.b4 Ncd7 19.cxb5 axb5 20.Bb3 h6 21.Qe2 Qb6+ 22.Kf1 
Rxc3 23.Bxc3 Nxe4 24.Bd2 d5 25.Rc1 Ndf6 26.Qe3 d4 27.Qd3 Nxd2+ 28.Qxd2 Ng4
29.h3 Ne3+ 30.Kf2 Qd6 31.Rc5 Bxf3 32.gxf3 Qd7 33.Rcc1 Nxf5 34.Re4 Be7 35.
Kg2 Bg5 36.Qe1 Bxc1 37.Qxc1 Ne3+ 38.Kh2 Rc8 39.Qg1 Qe7 40.f4 Nc4 41.Qe1 d3
42.fxe5 d2 43.Qe2 Rd8 44.Bd1 Rd5 45.e6 f5 46.Rf4 Re5 47.Qd3 Qxe6 48.a4 Re3
49.Qd8+ Kh7 50.axb5 Qe5 51.Qd4 Nb2 52.Bc2 d1=Q 53.Bxd1 Nxd1 54.Qxe5 Rxe5 
55.b6 Rb5 56.b7 Rxb7 57.Rxf5 Rxb4 58.Rf7 Nc3 59.Rd7 Ne4 60.Kg2 Nf6 61.Rc7 
Kg6 62.Kf3 Rb3+ 63.Kg2 Nd5 64.Rc6+ Kf5 65.h4 Nf4+ 66.Kf2 Kg4 67.Rc4 Rf3+ 
68.Kg1 Kg3 69.Rc2 Nh3+ 70.Kh1 Rf1# 0-1

[Event "FIDE World Cup (w)"]
[Site "Khanty-Mansiysk RUS"]
[Date "2012.11.12"]
[Round "1.2"]
[White "Zatonskih, Anna"]
[Black "Lujan, Carolina"]
[Result "1-0"]
[WhiteElo "2489"]
[BlackElo "2369"]
[EventDate "2012.11.11"]
[PlyCount "79"]

1.Nf3 Nf6 2.c4 g6 3.Nc3 d5 4.cxd5 Nxd5 5.Qb3 Nb6 6.d4 Bg7 7.Bf4 Be6 8.Qc2 
Nc6 9.e3 O-O 10.a3 Nd5 11.Bg3 Bf5 12.e4 Nxc3 13.exf5 Nd5 14.O-O-O e6 15.
fxe6 fxe6 16.Bc4 Rxf3 17.gxf3 Nxd4 18.Qe4 Qf6 19.Kb1 Rd8 20.Bh4 g5 21.Bxg5
Qxg5 22.Rhg1 Qf6 23.Qxd4 Qxd4 24.Rxd4 Kf7 25.Re4 b5 26.Bb3 c5 27.Rh4 h6 
28.Bc2 Ne7 29.Rd1 Nd5 30.f4 b4 31.axb4 Rb8 32.f5 Nxb4 33.fxe6+ Kxe6 34.
Bb3+ Ke7 35.Re4+ Kf8 36.Rf4+ Ke8 37.Ba4+ Ke7 38.Rd7+ Ke6 39.Rxg7 Nd3 40.
Rf3 1-0

[Event "FIDE World Cup (w)"]
[Site "Khanty-Mansiysk RUS"]
[Date "2012.11.11"]
[Round "1.1"]
[White "Danielian, Elina"]
[Black "Khukhashvili, Sopiko"]
[Result "1-0"]
[WhiteElo "2476"]
[BlackElo "2383"]
[EventDate "2012.11.11"]
[PlyCount "117"]

1.d4 e6 2.c4 Nf6 3.Nc3 Bb4 4.Qc2 O-O 5.a3 Bxc3+ 6.Qxc3 d6 7.Bg5 Nbd7 8.e3 
b6 9.Qc2 Bb7 10.Ne2 Qe7 11.Nc3 c5 12.Bd3 h6 13.Bh4 Rfc8 14.O-O cxd4 15.
exd4 Qf8 16.Qe2 d5 17.cxd5 Nxd5 18.Nxd5 Bxd5 19.Ba6 Re8 20.Rac1 e5 21.Qb5 
Qd6 22.dxe5 Qe6 23.Rfd1 Nc5 24.b4 Bc6 25.Qc4 Nxa6 26.Qxc6 Qxc6 27.Rxc6 
Rxe5 28.Bg3 Ree8 29.h4 Re7 30.Rcd6 f6 31.Rd7 Rae8 32.h5 Kf7 33.f3 Rxd7 34.
Rxd7+ Re7 35.Rxe7+ Kxe7 36.Kf2 Kd7 37.Ke3 Nc7 38.Ke4 Nb5 39.Kf5 Ke7 40.a4 
Nc3 41.a5 bxa5 42.bxa5 a6 43.Kg6 Kf8 44.Bd6+ Kg8 45.Kf5 Kf7 46.g4 Nb5 47.
Bc5 Nc3 48.f4 Ne2 49.Ke4 g6 50.hxg6+ Kxg6 51.f5+ Kg7 52.Kd5 Nc3+ 53.Kc6 h5
54.gxh5 Ne4 55.Bb4 Ng3 56.Kb6 Nxf5 57.Kxa6 Ne3 58.Kb7 Nd5 59.Bd2 1-0

[Event "FIDE World Cup (w)"]
[Site "Khanty-Mansiysk RUS"]
[Date "2012.11.12"]
[Round "1.2"]
[White "Khukhashvili, Sopiko"]
[Black "Danielian, Elina"]
[Result "1-0"]
[WhiteElo "2383"]
[BlackElo "2476"]
[EventDate "2012.11.11"]
[PlyCount "85"]

1.e4 c6 2.d4 d5 3.exd5 cxd5 4.c4 Nf6 5.Nc3 e6 6.Nf3 Bb4 7.cxd5 Nxd5 8.Bd2 
Nc6 9.Bd3 Nf6 10.Bg5 Be7 11.O-O O-O 12.Re1 Bd7 13.Rc1 Rc8 14.Bb1 Re8 15.a3
g6 16.h4 Nd5 17.Ne4 f6 18.Bh6 b6 19.h5 f5 20.Nc3 Bf6 21.Ba2 Nxc3 22.bxc3 
Na5 23.c4 Nb7 24.Bf4 g5 25.Be5 h6 26.Bxf6 Qxf6 27.Ne5 Rcd8 28.c5 bxc5 29.
Qf3 Bc8 30.dxc5 Rd2 31.Bb3 Na5 32.Ba4 Red8 33.Qc3 g4 34.Qxa5 f4 35.Qc7 g3 
36.fxg3 fxg3 37.Rf1 Rf2 38.Bc2 Bd7 39.Ng4 Qh4 40.Rxf2 gxf2+ 41.Nxf2 Rf8 
42.Rf1 Rf7 43.Bg6 1-0

[Event "FIDE World Cup (w)"]
[Site "Khanty-Mansiysk RUS"]
[Date "2012.11.13"]
[Round "1.3"]
[White "Danielian, Elina"]
[Black "Khukhashvili, Sopiko"]
[Result "0-1"]
[WhiteElo "2476"]
[BlackElo "2383"]
[EventDate "2012.11.11"]
[PlyCount "82"]

1.d4 e6 2.c4 Nf6 3.Nc3 Bb4 4.e3 c5 5.Ne2 cxd4 6.exd4 d5 7.c5 O-O 8.a3 
Bxc3+ 9.Nxc3 b6 10.cxb6 Ne4 11.bxa7 Rxa7 12.Nxe4 dxe4 13.Be3 Rd7 14.Qa4 
Rd6 15.Rd1 Nc6 16.Bb5 Bb7 17.O-O Ne7 18.Rc1 Nd5 19.Bc4 f5 20.Bxd5 Rxd5 21.
Bf4 Rxd4 22.Qb5 Ba8 23.Rc7 Rd5 24.Qc4 h6 25.b4 Re8 26.Be3 Qf6 27.g3 Kh8 
28.Rc1 e5 29.Rc8 Rdd8 30.Rxd8 Rxd8 31.Qc7 Rf8 32.Qb6 Qf7 33.Qd6 f4 34.Rc7 
Qf5 35.Bc5 Rg8 36.Qd7 Qh5 37.Bf8 Qg6 38.Qf7 Qg4 39.h3 Qd1+ 40.Kh2 fxg3+ 
41.Kxg3 Qg1+ 0-1